|
|
|
|
| LEADER |
01265nam a2200361 a 4500 |
| 001 |
000017622 |
| 003 |
CZ BrMZK |
| 005 |
20150502130418.0 |
| 007 |
ta |
| 008 |
950201s1994 xr f cze d |
| 015 |
|
|
|a cnb000093725
|
| 020 |
|
|
|a 80-85906-04-X
|
| 040 |
|
|
|a BOA001
|b cze
|
| 041 |
1 |
|
|a cze
|h ger
|
| 080 |
|
|
|a 885.0-4
|2 MRF
|
| 080 |
|
|
|a 77
|2 MRF
|
| 100 |
1 |
|
|a Flusser, Vilém,
|d 1920-1991
|7 jn19981001196
|4 aut
|
| 245 |
1 |
0 |
|a Za filosofii fotografie /
|c Vilém Flusser
|
| 250 |
|
|
|a 1. vyd.
|
| 260 |
|
|
|a Praha :
|b Hynek,
|c 1994
|
| 300 |
|
|
|a 75 s.
|
| 490 |
1 |
|
|a Punkt ;
|v Sv. 2
|
| 700 |
1 |
|
|a Koseková, Božena,
|d 1930-2020
|7 jk01061932
|4 trl
|
| 700 |
1 |
|
|a Kosek, Josef,
|d 1931-2001
|7 jk01061929
|4 trl
|
| 765 |
0 |
|
|t Für eine Philosophie der Fotografie
|
| 830 |
|
0 |
|a Punkt
|0 s
|
| 856 |
4 |
1 |
|u http://www.digitalniknihovna.cz/mzk/uuid/uuid:c97ab790-076d-11e4-83c7-005056827e51
|y Digitalizovaný dokument
|x NDK
|
| 910 |
|
|
|a BOA001
|b 1-1006.596
|b PK-0122.503
|
| 920 |
|
|
|a 000048671
|
| 964 |
|
|
|a Fotografie
|x pojetí filozofické
|
| 990 |
|
|
|a BK
|
| 996 |
6 |
|
|b 2610018155
|c 1-1006.596
|l MZK
|r Sklad / do 1 hodiny
|n 57
|p p.v.
|w 000017622
|u 000010
|a 1
|e BOA001
|j MZK50
|s P
|
| 996 |
7 |
|
|b 3119980927
|c PK-0122.503
|l MZK
|r Sklad / do 1 hodiny
|n 67
|w 000017622
|u 000020
|a 1
|e BOA001
|j MZK50
|s A
|